| 000 | 01159cam a2200253Ka 4500 | ||
|---|---|---|---|
| 001 | constipationitsc00tobe | ||
| 003 | CaSfIA | ||
| 005 | 20210117225613.0 | ||
| 007 | cr|||| | ||
| 008 | 911223s1979 onc 000 0 eng d | ||
| 040 |
_aOOJ _beng _cOOJ _dOCLCQ _dCaSfIA |
||
| 035 | _a(OCoLC)25013573 | ||
| 096 | _aWI 409 T628c 1979 | ||
| 100 | 1 | _aTobe, John H. | |
| 245 | 1 | 0 |
_aConstipation : _h[electronic resource] _bits causes, control and treatment / _cJohn H. Tobe. |
| 260 |
_aSt. Catharines, Ont. : _bProvoker Press, _cc1979. |
||
| 300 |
_aix, 200 p. ; _c23 cm. |
||
| 650 | 2 | _aConstipation. | |
| 856 | 4 | 1 |
_uhttp://www.archive.org/details/constipationitsc00tobe _zFree eBook from the Internet Archive |
| 856 | 4 | 2 |
_uhttp://www.openlibrary.org/books/OL24388978M _zAdditional information and access via Open Library |
| 942 | _cEB | ||
| 506 | _fНеобхідна авторизація на https://archive.org/ (створення облікового запису безкоштовно) | ||
| 506 | _fНеобхідна авторизація на https://openlibrary.org/ (створення облікового запису безкоштовно) | ||
| 999 |
_c483874 _d483874 |
||